Sports Quiz

Random Sports or NFL Quiz

NFL Playoff Winning Quarterbacks Quiz Stats

 Plays Quiz not verified by Sporcle

Challenge
Share
Tweet
Embed
Score 0/31 Timer 03:00
0 Plays Today
Win/Loss Record Quarterback % Correct
17-7Tom Brady
99.4%
9-11Peyton Manning
98.4%
8-3Eli Manning
97.7%
13-11Brett Favre
97.7%
16-7Joe Montana
97%
14-7John Elway
96.5%
10-4Ben Roethlisberger
95.5%
11-4Troy Aikman
94.8%
9-4Kurt Warner
94.4%
9-7Donovan McNabb
94.3%
8-10Dan Marino
94.1%
14-5Terry Bradshaw
93.6%
8-6Steve Young
93.3%
5-3Aaron Rodgers
92%
9-4Joe Flacco
91.6%
9-1Bart Starr
89.5%
Win/Loss Record Quarterback % Correct
9-8Jim Kelly
89.4%
11-6Roger Staubach
86.1%
5-4Drew Brees
83.7%
6-2Johnny Unitas
83.1%
6-4Phill Simms
77.5%
5-3Jake Delhomme
76.2%
6-5Fran Tarkenton
71.3%
6-5Bob Griese
68%
5-1Trent Dilfer
66.3%
6-2Joe Theismann
66.3%
7-5Ken Stabler
64.3%
8-2Jim Plunkett
55.6%
5-3Len Dawson
52.9%
5-2Mark Rypien
35.3%
5-1Sid Luckman
24.7%

You're not logged in!

Compare scores with friends on all Sporcle quizzes.
Join for Free
OR
Log In

You Might Also Like...

Show Comments

Extras

Top Quizzes Today


Score Distribution

Your Account Isn't Verified!

In order to create a playlist on Sporcle, you need to verify the email address you used during registration. Go to your Sporcle Settings to finish the process.

Report this User

Report this user for behavior that violates our Community Guidelines.

Details: